| 000 | 00412nam a22001457a 4500 | ||
|---|---|---|---|
| 003 | SGT | ||
| 082 |
_a616.024 _bT22S |
||
| 100 | _aSHARMA, KUBER | ||
| 245 | _aTO EVALUATE CLINICO-HEMATOLOGICAL PROFILE OF ANEMIA IN YOUNG FEMALES IN THE SGT MEDICAL COLLAGE, HOSPITAL AND RESEARCH INSTITUTE | ||
| 260 |
_aGURUGRAM _bSGT UNIVERSITY _c2022 |
||
| 300 | _a106 | ||
| 650 | _aMEDICINE | ||
| 653 | _aM.D | ||
| 942 |
_2ddc _cTH |
||
| 999 |
_c26582 _d26582 |
||